000 00625nam a22001937a 4500
003 OSt
005 20260220050704.0
008 260220b |||||||| |||| 00| 0 eng d
020 _a978073607632
040 _aDWCL-Main Lib
_cOC
082 _2Third edition
_aProf. 796 H233 2009
110 _aHUMAN KINETICS (ORGANIZATION)
_eCorporate Author
245 _aThe sport rules book
260 _aChampaign, 1L. :
_bHuman Kinetics,
_cc2009.
300 _aix, 318 pages :
_billustrations ;
_c28 cm.
504 _a1. Includes bibliographical references.
650 _aSports - Rules.
942 _2ddc
_cPROF.
_eThird edition
_mProf.
_n0
999 _c8456
_d8456